[Event "COL-ch U16"]
[Site "Villavicencio"]
[Date "2022.05.14"]
[Round "7"]
[White "Cotes Ontibon, Anibal Santiago"]
[Black "Gomez Cardenas, Brayan Duvan"]
[Result "1-0"]
[WhiteElo "1319"]
[BlackElo "1414"]
[PlyCount "63"]
[EventDate "2022.05.11"]
[EventType "swiss"]
[EventRounds "9"]
[EventCountry "COL"]
[SourceTitle "CBM 208 Extra"]
[Source "ChessBase"]
[SourceDate "2022.07.31"]
[SourceVersion "1"]
[SourceVersionDate "2022.07.31"]
[SourceQuality "1"]

1. e4 e5 2. Nf3 d6 3. Bc4 c6 4. 0-0 Nd7 5. d3 h6 6. Re1 Be7 7. c3 Ngf6 8. d4 0-0 9. Nbd2 d5 10. exd5 exd4 11. Nxd4 cxd5 12. Bb3 Nc5 13. Bc2 Ne6 14. N2f3 Bc5 15. Be3 Bb6 16. h3 Bd7 17. Qd2 Ne4 18. Bxe4 dxe4 19. Nxe6 fxe6 20. Bxb6 Qxb6 21. Rxe4 Qc7 22. Ne5 Bc6 23. Nxc6 Qxc6 24. Rae1 Rf6 25. Qe3 Re8 26. Qxa7 Ref8 27. Qe3 Rg6 28. f3 Rff6 29. Rg4 Qa6 30. Rxg6 Rxg6 31. a3 Qb5 32. Qe4 1-0

[Event "COL-ch U16"]
[Site "Villavicencio"]
[Date "2022.05.14"]
[Round "6"]
[White "Cubides Ferreira, Andres Felipe"]
[Black "Gomez Cardenas, Brayan Duvan"]
[Result "0-1"]
[WhiteElo "1500"]
[BlackElo "1414"]
[PlyCount "60"]
[EventDate "2022.05.11"]
[EventType "swiss"]
[EventRounds "9"]
[EventCountry "COL"]
[SourceTitle "CBM 208 Extra"]
[Source "ChessBase"]
[SourceDate "2022.07.31"]
[SourceVersion "1"]
[SourceVersionDate "2022.07.31"]
[SourceQuality "1"]

1. d4 Nf6 2. c4 e6 3. Nc3 Be7 4. e4 d6 5. Bg5 h6 6. Bxf6 Bxf6 7. g3 0-0 8. Bg2 e5 9. d5 Be7 10. Nge2 f5 11. exf5 Bxf5 12. 0-0 Nd7 13. f4 exf4 14. Rxf4 Ne5 15. Nd4 Bd7 16. Rxf8+ Qxf8 17. b3 Bf6 18. Qd2 Qf7 19. h3 Rf8 20. Rf1 Qh5 21. Nce2 g5 22. g4 Bxg4 23. hxg4 Nxg4 24. Nf3 Be5 25. Bh1 Rxf3 26. Rxf3 Qh2+ 27. Kf1 Qxh1+ 28. Ng1 Nh2+ 29. Kf2 Qxg1+ 30. Ke2 Nxf3 0-1